000
00315nam a2200145Ia 4500
008
090122s9999 xx 000 0 und d
082
_b
9777
100
_a
Bhagya
_b
C
245
_a
Aesop's Fables
600
_a
Bhagya
630
_a
Aesop's Fables
700
_a
Bhagya
730
_a
Aesop's Fables
942
_c
BOOK
999
_c
33854
_d
33854